000 00610nam a2200205Ia 4500
008 240729s9999 xx 000 0 und d
022 _a1547-6901
245 0 _aJournal of Immunotoxicology
260 _aUnited Kingdom
260 _bTaylor & Francis Group
650 _a Immunologic diseases. Allergy | Medicine
650 _a Internal medicine
650 _a Public aspects of medicine
650 _a Specialties of internal medicine
650 _a Toxicology. Poisons
650 _aMedicine
856 _uhttps://doaj.org/toc/b01bdc76474f4b30b2281cd7fd181f56
942 _2ddc
942 _cDOAJEJ
999 _c69559
_d69559
945 _a1
_bMadushi Gamage
_c1
_dMadushi Gamage